Soviet Writers' Congress 1934 / (Record no. 14835)
[ view plain ]
| 000 -LEADER | |
|---|---|
| fixed length control field | 01035cam a2200313 i 4500 |
| 001 - CONTROL NUMBER | |
| control field | 14835 |
| 003 - CONTROL NUMBER IDENTIFIER | |
| rucl marc code | BD-RjUL |
| 005 - DATE AND TIME OF LATEST TRANSACTION | |
| control field | 20211208235711.0 |
| 008 - FIXED-LENGTH DATA ELEMENTS--GENERAL INFORMATION | |
| fixed length control field | 140208s2000 enk b 100 0 eng d |
| 020 ## - INTERNATIONAL STANDARD BOOK NUMBER | |
| International Standard Book Number | 0853154015 : |
| 035 ## - SYSTEM CONTROL NUMBER | |
| System control number | (BD-RjUL)14889 |
| 040 ## - CATALOGING SOURCE | |
| Original cataloging agency | DLC |
| Transcribing agency | DLC |
| Modifying agency | DLC |
| -- | BD-RjUL |
| Language of cataloging | eng |
| 041 1# - LANGUAGE CODE | |
| Language code of text/sound track or separate title | engrus |
| 082 00 - DEWEY DECIMAL CLASSIFICATION NUMBER | |
| Classification number | 891.7090042 |
| Author mark and year | GOS 2000 |
| 245 10 - TITLE STATEMENT | |
| Title | Soviet Writers' Congress 1934 / |
| Statement of responsibility, etc. | by Maxim Gorky |
| 260 ## - PUBLICATION, DISTRIBUTION, ETC. (IMPRINT) | |
| Place of publication, distribution, etc. | London : |
| Name of publisher, distributor, etc. | Lawrence and Wishart, |
| Date of publication, distribution, etc. | 1977. |
| 300 ## - PHYSICAL DESCRIPTION | |
| Pagination | 284 p. ; |
| Size | 20 cm. |
| 500 ## - GENERAL NOTE | |
| General note | First ed. published in 1935 under title: Problems of Soviet literature. |
| 504 ## - BIBLIOGRAPHY, ETC. NOTE | |
| Bibliography, etc | Includes bibliographical references. |
| 650 #0 - SUBJECT ADDED ENTRY--TOPICAL TERM | |
| Topical term or geographic name as entry element | Russian literature |
| Chronological subdivision | 20th century |
| General subdivision | Congresses. |
| 9 (RLIN) | 46185 |
| Topical term or geographic name as entry element | Socialist realism in literature |
| General subdivision | Congresses. |
| 9 (RLIN) | 46186 |
| Topical term or geographic name as entry element | Communism and literature |
| General subdivision | Congresses. |
| 9 (RLIN) | 46187 |
| 700 1# - ADDED ENTRY--PERSONAL NAME | |
| Dates associated with a name | 1868-1936. |
| Personal name | Scott, H. G. |
| 942 ## - ADDED ENTRY ELEMENTS (KOHA) | |
| Source of classification or shelving scheme | Dewey Decimal Classification |
| Koha item type | Books |
| Lost status | Source of classification or shelving scheme | Damaged status | Not for loan | Collection code | Permanent Location | Current Location | Shelving location | Date acquired | Source of acquisition | Total Checkouts | Full call number | Date last seen | Copy number | Koha item type |
|---|---|---|---|---|---|---|---|---|---|---|---|---|---|---|
| Dewey Decimal Classification | Not For Loan | Non-fiction | Central Library, University of Rajshahi | Central Library, University of Rajshahi | Reading Room | 31/07/1971 | Gift | 891.7090042 GOS 2000 | 08/02/2014 | C-1 | Books |